The British mosque : an architectural and social history /

Bibliographic Details
Main Author: Saleem, Shahed (Author)
Format: Book
Language:English
Published: Swindon, UK : Historic England, 2018.
Subjects:

MARC

Tag First Indicator Second Indicator Subfields
LEADER 00000cam a2200000Mi 4500
001 in00004006708
005 20181023092752.0
008 140819s2018 enk 000 0 eng d
020 |a 9781848020764  |q (hbk.) 
020 |a 1848020767 
035 |a (OCoLC)on1028811414 
040 |a NLE  |e rda  |c NLE  |d COO  |d YDX  |d UtOrBLW 
049 |a TXAM 
050 4 |a NA5468  |b .S35 2018 
082 0 |a 726.20941  |2 23 
100 1 |a Saleem, Shahed,  |e author. 
245 1 4 |a The British mosque :  |b an architectural and social history /  |c Shahed Saleem. 
264 1 |a Swindon, UK :  |b Historic England,  |c 2018. 
300 |a ix, 293 pages :  |b color illustrations, plans ;  |c 28 cm. 
336 |a text  |b txt  |2 rdacontent 
337 |a unmediated  |b n  |2 rdamedia 
338 |a volume  |b nc  |2 rdacarrier 
504 |a Includes bibliographical references and index. 
650 0 |a Mosques  |z Great Britain  |x History. 
650 0 |a Religious architecture  |z Great Britain. 
651 0 |a Great Britain  |x Religious life and customs. 
945 |b 616666 
947 |a A14850495590 
948 |a cataloged  |b h  |c 2018/7/2  |d c  |e dmitchel  |f 11:20:10 am 
994 |a 92  |b TXA 
999 f f |s 783080b2-e2d0-3bd0-981d-eded1d768e7d  |i d1b83379-efd6-3f68-852b-544cceb8604c  |t 0 
952 f f |p normal  |a Texas A&M University  |b College Station  |c Sterling C. Evans Library  |d Evans: Library Stacks  |t 0  |e NA5468 .S35 2018  |h Library of Congress classification  |i unmediated -- volume  |m A14850495590 
998 f f |a NA5468 .S35 2018  |t 0  |l Evans: Library Stacks